[Event "Ferrol op 31th"]
[Site "Ferrol"]
[Date "2016.07.27"]
[Round "9"]
[White "Mira Gonzalez, Angel"]
[Black "Freire Boudon, Carlos"]
[Result "0-1"]
[WhiteElo "1193"]
[BlackElo "1487"]
[PlyCount "68"]
[EventDate "2016.07.18"]
[EventType "swiss"]
[EventRounds "9"]
[EventCountry "ESP"]
[SourceTitle "EXT 2024"]
[Source "ChessBase"]
[SourceDate "2023.10.10"]
[SourceVersion "1"]
[SourceVersionDate "2023.10.10"]
[SourceQuality "1"]

1. d4 d5 2. Nf3 Nf6 3. e3 e6 4. c4 c6 5. Nc3 Nbd7 6. Bd3 Be7 7. 0-0 0-0 8. Qc2 h6 9. b3 b6 10. a4 Bb4 11. Ba3 a5 12. Ne5 Bb7 13. cxd5 exd5 14. Bc1 Re8 15. Na2 Nxe5 16. dxe5 Rxe5 17. Nxb4 axb4 18. Bb2 Re8 19. Rad1 c5 20. Bxf6 Qxf6 21. Bb5 Bc6 22. Qd3 Rad8 23. Bxc6 Qxc6 24. Rd2 Re7 25. Rfd1 Red7 26. Qc2 b5 27. Rd4 c4 28. axb5 Qxb5 29. bxc4 dxc4 30. Ra1 Rxd4 31. exd4 Qd5 32. Rd1 c3 33. f3 Qc4 34. Ra1 Qxd4+ 0-1